000 00630nam a22001337a 4500
040 _cRUA
082 _aAGI PAN 2015 B512 Or.1
100 _aPAN SOPHEA;​ ប៉ាន សុភា
245 _aMethod of harvesting keoromeat mango in chhba ampov district, phnompenh. វិធីសាស្រ្តប្រមូលផលទៅលើផ្លែស្វាយកែវរមៀតនៅសង្កាត់ព្រែកថ្មី ខណ្ឌច្បារអំពៅ រាជធានីភ្នំពេញ
260 _aRUA
_bPAN
_c2015
300 _avii,31p.
_bill.
_c29cm.
856 _u PAN SOPHEA
942 _cAGI
999 _c8999
_d8999